| 000 | 00393pab a2200157 454500 | ||
|---|---|---|---|
| 008 | 180718b2015 xxu||||| |||| 00| 0 eng d | ||
| 100 | _aBanerjee, Shubhomoy | ||
| 245 | _aExperience marketing: The "Chokhi dhani" way | ||
| 260 | _c2015 | ||
| 300 | _ap.63-75. | ||
| 362 | _aJan-Mar | ||
| 650 | _aMarketing | ||
| 700 | _aBanerjee, Soumi Chatterjee | ||
| 773 | _aAbhigyan | ||
| 909 | _a107560 | ||
| 999 |
_c107555 _d107555 |
||